Human exceptionality / (Record no. 15376)
[ view plain ]
| 000 -LEADER | |
|---|---|
| fixed length control field | 01160cam a2200385 a 4500 |
| 001 - CONTROL NUMBER | |
| control field | 14698704 |
| 003 - CONTROL NUMBER IDENTIFIER | |
| control field | OSt |
| 005 - DATE AND TIME OF LATEST TRANSACTION | |
| control field | 20140310182724.0 |
| 008 - FIXED-LENGTH DATA ELEMENTS--GENERAL INFORMATION | |
| fixed length control field | 070116s2007 maua b 001 0 eng |
| 010 ## - LIBRARY OF CONGRESS CONTROL NUMBER | |
| LC control number | 2007920938 |
| 020 ## - INTERNATIONAL STANDARD BOOK NUMBER | |
| International Standard Book Number | 9789814253444 |
| 020 ## - INTERNATIONAL STANDARD BOOK NUMBER | |
| International Standard Book Number | 9814253448 |
| 020 ## - INTERNATIONAL STANDARD BOOK NUMBER | |
| International Standard Book Number | 0618920420 (student text) |
| 040 ## - CATALOGING SOURCE | |
| Original cataloging agency | DLC |
| Transcribing agency | DLC |
| Modifying agency | DLC |
| 050 00 - LIBRARY OF CONGRESS CALL NUMBER | |
| Classification number | HV 1568 |
| Item number | .H37 2009 |
| 082 00 - DEWEY DECIMAL CLASSIFICATION NUMBER | |
| Classification number | 362 |
| -- | 22 |
| 100 1# - MAIN ENTRY--PERSONAL NAME | |
| Personal name | Hardman, Michael L. |
| 245 10 - TITLE STATEMENT | |
| Title | Human exceptionality / |
| Statement of responsibility, etc | Michael L. Hardman, Clifford J. Drew, M. Winston Egan. |
| 250 ## - EDITION STATEMENT | |
| Edition statement | 9th ed. |
| 260 ## - PUBLICATION, DISTRIBUTION, ETC. (IMPRINT) | |
| Place of publication, distribution, etc | Boston, MA : |
| Name of publisher, distributor, etc | Houghton Mifflin Co., |
| Date of publication, distribution, etc | 2009. |
| 300 ## - PHYSICAL DESCRIPTION | |
| Extent | xxix, 626 p. : |
| Other physical details | col. ill. ; |
| Dimensions | 29 cm. |
| 521 ## - TARGET AUDIENCE NOTE | |
| Target audience note | |
| 650 #0 - SUBJECT ADDED ENTRY--TOPICAL TERM | |
| Topical term or geographic name as entry element | People with disabilities. |
| 650 #0 - SUBJECT ADDED ENTRY--TOPICAL TERM | |
| Topical term or geographic name as entry element | Exceptional children. |
| 650 #0 - SUBJECT ADDED ENTRY--TOPICAL TERM | |
| Topical term or geographic name as entry element | People with disabilities |
| General subdivision | Services for. |
| 650 #0 - SUBJECT ADDED ENTRY--TOPICAL TERM | |
| Topical term or geographic name as entry element | Learning disabilities. |
| 700 1# - ADDED ENTRY--PERSONAL NAME | |
| Personal name | Drew, Clifford J., |
| Dates associated with a name | 1943- |
| 700 1# - ADDED ENTRY--PERSONAL NAME | |
| Personal name | Egan, M. Winston. |
| 906 ## - LOCAL DATA ELEMENT F, LDF (RLIN) | |
| a | 7 |
| b | cbc |
| c | orignew |
| d | 2 |
| e | epcn |
| f | 20 |
| g | y-gencatlg |
| 942 ## - ADDED ENTRY ELEMENTS (KOHA) | |
| Source of classification or shelving scheme | Library of Congress Classification |
| Koha item type | Books |
| Call number prefix | Foreign |
| Withdrawn status | Lost status | Source of classification or shelving scheme | Damaged status | Home library | Current library | Shelving location | Date acquired | Total Checkouts | Full call number | Barcode | Date last seen | Copy number | Price effective from | Koha item type | Source of acquisition |
|---|---|---|---|---|---|---|---|---|---|---|---|---|---|---|---|
| Library of Congress Classification | Archives | Archives | 12/11/2013 | HV 1568 .H37 2009 | C13140 | 05/15/2018 | 3 | 12/11/2013 | Books | Donation | |||||
| Library of Congress Classification | College Library | College Library | General Circulation Section | 04/21/2012 | HV 1568 .H37 2009 | C10746 | 05/15/2018 | 1 | 03/10/2014 | Books | |||||
| Library of Congress Classification | College Library | College Library | General Circulation Section | 12/11/2013 | HV 1568 .H37 2009 | C10775 | 05/15/2018 | 2 | 12/11/2013 | Books |